00673naa a22002057i 4500999001500000001000500015003000400020005001700024007000300041008004100044024001400085024002000099040000800119100002300127245004700150260004700197300002700244773019000271942000600461 c5427d54275646OSt20171113165512.0tu161220s2003 xxu||||| |||| 00| 0 d7 a56462RID7 a56462RSN (alt) cOSt1 aGligorov, Vladimir00aEuropean Union Enlargement and the Balkans bOesterreichische Nationalbank (OeNB)c2003 aS.375 ff. :bBeigaben.0 dCheltenham : Oesterreichische Nationalbank (OeNB), 2003.gpp. 375-396 tEconomic Convergence and Divergence in Europe Growth and Regional Development in an Enlarged European Unionw5644 cP